2025 Animated Movies by Picture - Statistics

General Stats
  • This quiz has been taken 21 times
  • The average score is 7 of 12
Answer Stats
Picture Answer % Correct
Zootopia 2
100%
Smurfs
95%
KPop Demon Hunters
86%
The Bad Guys 2
76%
Demon Slayer: Kimetsu no Yaiba – The Movie: Infinity Castle
62%
Elio
57%
Plankton: The Movie
52%
Chainsaw Man – The Movie: Reze Arc
48%
Ne Zha 2
43%
Arco
29%
100 Meters
19%
Little Amélie or the Character of Rain
19%
No matching quizzes found
Score Distribution
Percent of People with Each Score
Percentile by Number Answered
Your Score History
You have not taken this quiz